[Event "24. Copenhagen Open  (Politiken Cup)"]
[Site "Copenhagen"]
[Date "2002.07.19"]
[Round "5"]
[White "Hagen, Andreas Skytte"]
[Black "Preuss, Flemming"]
[Result "1/2-1/2"]
[WhiteElo "2185"]
[BlackElo "2063"]
[PlyCount "84"]
[EventDate "2002.07.15"]
[EventType "swiss"]
[EventRounds "11"]
[EventCountry "DEN"]
[SourceDate "2004.01.01"]

1. c4 e5 2. g3 Nc6 3. Bg2 Nf6 4. Nc3 Bc5 5. a3 a6 6. e3 d6 7. Nge2 O-O 8. O-O
Ba7 9. h3 Be6 10. Nd5 Rb8 11. b4 Ne7 12. Nxf6+ gxf6 13. Qc2 f5 14. Bb2 f6 15.
d4 Qe8 16. c5 Qf7 17. Rfc1 Nd5 18. Nc3 Ne7 19. Ne2 Nd5 20. Qd2 Rfd8 21. cxd6
cxd6 22. Nc3 Nb6 23. d5 Bd7 24. Qe2 Rbc8 25. e4 Nc4 26. exf5 Nxb2 27. Qxb2 Bd4
28. Qd2 Bxf5 29. Ra2 Qg6 30. g4 Bd7 31. Ne2 Rxc1+ 32. Qxc1 Rc8 33. Qe1 Ba7 34.
Ng3 Qg5 35. Qd2 Rc1+ 36. Kh2 Qxd2 37. Rxd2 Kf7 38. Be4 h6 39. Bf5 Ba4 40. Be6+
Kg6 41. h4 Rc4 42. Nf5 Bb8 1/2-1/2

[Event "24. Copenhagen Open  (Politiken Cup)"]
[Site "Copenhagen"]
[Date "2002.07.19"]
[Round "5"]
[White "Hansen, Alexei"]
[Black "Taksrud, Vidar"]
[Result "1-0"]
[WhiteElo "1563"]
[BlackElo "1888"]
[PlyCount "89"]
[EventDate "2002.07.15"]
[EventType "swiss"]
[EventRounds "11"]
[EventCountry "DEN"]
[SourceDate "2004.01.01"]

1. e4 c6 2. d4 d5 3. exd5 cxd5 4. c4 Nf6 5. Nf3 Nc6 6. Nc3 e6 7. Bd3 Bb4 8. O-O
O-O 9. Bg5 dxc4 10. Bxc4 Be7 11. Rc1 Nb4 12. Qb3 Nbd5 13. Bxf6 Nxf6 14. Rfd1
Bd6 15. Ne5 a6 16. a4 Qe7 17. f4 Nh5 18. Ne2 Qh4 19. Qf3 f6 20. Nd3 g5 21. g3
g4 22. Qe3 Nxg3 23. hxg3 Qh5 24. Bxe6+ Kh8 25. Rxc8 Raxc8 26. Bxc8 Rxc8 27. Qe6
Rc6 28. Qxf6+ Kg8 29. Ne5 Rc2 30. Qe6+ Kg7 31. Nxg4 Qg6 32. Qxg6+ hxg6 33. Nc3
Rxb2 34. Rb1 Rxb1+ 35. Nxb1 Bb4 36. Kf2 Kf7 37. Ke3 Ke6 38. Nd2 Kd5 39. Nf6+
Ke6 40. Nde4 b5 41. axb5 axb5 42. d5+ Kf7 43. Ng4 Ba5 44. Nd6+ Ke7 45. Nxb5 1-0

[Event "24. Copenhagen Open  (Politiken Cup)"]
[Site "Copenhagen"]
[Date "2002.07.19"]
[Round "5"]
[White "Hansen, Martin Holmegaard"]
[Black "Li, Mike"]
[Result "1/2-1/2"]
[WhiteElo "1926"]
[BlackElo "1475"]
[PlyCount "53"]
[EventDate "2002.07.15"]
[EventType "swiss"]
[EventRounds "11"]
[EventCountry "DEN"]
[SourceDate "2004.01.01"]

1. d4 Nf6 2. g3 d5 3. Bg2 e6 4. c4 c6 5. Nf3 Be7 6. O-O O-O 7. Qc2 Nbd7 8. Rd1
b6 9. b3 Bb7 10. Nc3 Rc8 11. Bf4 c5 12. dxc5 Bxc5 13. Ne5 Nxe5 14. Bxe5 Qe7 15.
e3 Ng4 16. Bd4 dxc4 17. Qe2 Bxg2 18. Kxg2 Bxd4 19. Rxd4 Ne5 20. bxc4 Qb4 21.
Rc1 Rxc4 22. Rxc4 Qxc4 23. Qxc4 Nxc4 24. Nb5 Rc8 25. Rd1 a6 26. Nc7 a5 27. Rd4
1/2-1/2

[Event "24. Copenhagen Open  (Politiken Cup)"]
[Site "Copenhagen"]
[Date "2002.07.19"]
[Round "5"]
[White "Hansen, Torbjorn Ringdal"]
[Black "Palo, Davor"]
[Result "0-1"]
[WhiteElo "2280"]
[BlackElo "2394"]
[PlyCount "150"]
[EventDate "2002.07.15"]
[EventType "swiss"]
[EventRounds "11"]
[EventCountry "DEN"]
[SourceDate "2004.01.01"]

1. c4 e6 2. Nf3 Nf6 3. g3 d5 4. Bg2 Be7 5. O-O O-O 6. b3 c5 7. cxd5 Nxd5 8. Bb2
Nc6 9. Nc3 Bf6 10. Qc2 Ndb4 11. Qe4 b6 12. a3 Nd5 13. b4 cxb4 14. axb4 Bb7 15.
b5 Na5 16. Qa4 Nxc3 17. Bxc3 Bxc3 18. dxc3 Rc8 19. Rad1 Qf6 20. Rd7 Qxc3 21.
Qh4 Qf6 22. Qxf6 gxf6 23. Rfd1 Rc5 24. Re7 Bd5 25. Rxa7 Rxb5 26. Nd4 Rc5 27.
Rb1 Nc4 28. e4 Nd2 29. Re1 Bc4 30. Rd1 Nb3 31. Nxb3 Bxb3 32. Rb1 Bc2 33. Rxb6
Rc4 34. h3 Bxe4 35. Bxe4 Rxe4 36. Rbb7 Kg7 37. Kg2 h5 38. h4 f5 39. Kf3 Kf6 40.
Rc7 Rg4 41. Rcb7 Rg7 42. Rb4 Re8 43. Ra6 Rgg8 44. Kg2 Re7 45. Rf4 Rd7 46. Ra3
Rg4 47. Raa4 Rd6 48. Rxg4 hxg4 49. Rb4 e5 50. Kf1 Kg6 51. Ke2 Ra6 52. Rb5 f6
53. Rb3 Ra2+ 54. Kf1 Ra1+ 55. Ke2 Ra4 56. Rb8 f4 57. gxf4 Rxf4 58. Rg8+ Kf5 59.
h5 Rf3 60. h6 Rh3 61. Rh8 Kf4 62. h7 f5 63. Ke1 Rh1+ 64. Ke2 Ke4 65. Kd2 f4 66.
Ke2 f3+ 67. Kd2 g3 68. fxg3 Rh2+ 69. Kd1 Ke3 70. Re8 Rh1+ 71. Kc2 Rxh7 72.
Rxe5+ Kf2 73. g4 Kg2 74. Kd3 f2 75. Rf5 Re7 0-1

[Event "24. Copenhagen Open  (Politiken Cup)"]
[Site "Copenhagen"]
[Date "2002.07.19"]
[Round "5"]
[White "Helin, Mikael"]
[Black "Brasoy, Aksel"]
[Result "1/2-1/2"]
[WhiteElo "2016"]
[BlackElo "1665"]
[PlyCount "90"]
[EventDate "2002.07.15"]
[EventType "swiss"]
[EventRounds "11"]
[EventCountry "DEN"]
[SourceDate "2004.01.01"]

1. e4 c5 2. c4 Nc6 3. Nc3 e5 4. g3 g6 5. Bg2 Bg7 6. d3 d6 7. h3 Be6 8. Nge2
Nge7 9. Be3 Nd4 10. Qd2 Nxe2 11. Nxe2 Nc6 12. Bh6 Bxh6 13. Qxh6 Qa5+ 14. Nc3
Nd4 15. O-O Qc7 16. a3 f6 17. b4 Rg8 18. Rab1 Qg7 19. Qe3 b6 20. f4 Qh6 21. Kh2
Rd8 22. Qf2 Rf8 23. a4 Rf7 24. a5 cxb4 25. Rxb4 Nc6 26. Rb5 Nxa5 27. Nd5 Bxd5
28. Rxd5 Qg7 29. Bf3 Nc6 30. Qa2 Kf8 31. Qa3 Rc7 32. d4 Qe7 33. dxe5 dxe5 34.
Qd3 Rdc8 35. Bg4 Nb4 36. Qd2 Nxd5 37. Bxc8 Rxc8 38. cxd5 exf4 39. Qxf4 Kg7 40.
Rc1 Rxc1 41. Qxc1 Qc5 42. Qf4 Qc2+ 43. Kg1 Qb1+ 44. Kf2 Qb2+ 45. Kg1 Qe5
1/2-1/2

[Event "24. Copenhagen Open  (Politiken Cup)"]
[Site "Copenhagen"]
[Date "2002.07.19"]
[Round "5"]
[White "Henriksen, Geir Ivar"]
[Black "Greger, Roland Reinhard"]
[Result "1-0"]
[WhiteElo "2209"]
[BlackElo "2365"]
[PlyCount "91"]
[EventDate "2002.07.15"]
[EventType "swiss"]
[EventRounds "11"]
[EventCountry "DEN"]
[SourceDate "2004.01.01"]

1. d4 Nf6 2. c4 c5 3. Nf3 cxd4 4. Nxd4 e5 5. Nb5 d5 6. cxd5 Bc5 7. N5c3 O-O 8.
e3 a6 9. a3 Bf5 10. Be2 Nbd7 11. Nd2 e4 12. g4 Bg6 13. h4 h5 14. g5 Ng4 15.
Ndxe4 Qe7 16. Nxc5 Nxc5 17. b4 Qe5 18. bxc5 Qxc3+ 19. Bd2 Qe5 20. Bf3 Bc2 21.
Qxc2 Qxa1+ 22. Ke2 Qxa3 23. Rb1 Rfe8 24. Rxb7 Ne5 25. Bb4 Qa1 26. Bc3 Qa3 27.
Bxe5 Rxe5 28. Bxh5 Rf8 29. Bf3 Rfe8 30. Rb3 Qa4 31. c6 Qxh4 32. d6 Qxg5 33. d7
Rf8 34. Rc3 Re7 35. Rc5 Qf6 36. Qd2 Rd8 37. Qc2 Re5 38. Rxe5 Qxe5 39. c7 Qb5+
40. Ke1 Qxd7 41. cxd8=Q+ Qxd8 42. Qc6 Qa5+ 43. Kf1 Qa1+ 44. Kg2 g6 45. Bd5 Qe5
46. Qxg6+ 1-0

[Event "24. Copenhagen Open  (Politiken Cup)"]
[Site "Copenhagen"]
[Date "2002.07.19"]
[Round "5"]
[White "Holm, Sejer"]
[Black "Jorgensen, Dennis"]
[Result "1-0"]
[WhiteElo "2321"]
[BlackElo "2097"]
[PlyCount "79"]
[EventDate "2002.07.15"]
[EventType "swiss"]
[EventRounds "11"]
[EventCountry "DEN"]
[SourceDate "2004.01.01"]

1. d4 d5 2. c4 c6 3. Nf3 Nf6 4. Nc3 e6 5. e3 Nbd7 6. Bd3 dxc4 7. Bxc4 b5 8. Bd3
Bb7 9. e4 a6 10. e5 Nd5 11. Nxd5 cxd5 12. Ng5 Bb4+ 13. Kf1 Nf8 14. f4 Be7 15.
Nf3 Ng6 16. g3 Qb6 17. h4 Nf8 18. Be3 Bc6 19. Rh2 Bd7 20. Rc1 Qb7 21. Rhc2 Bd8
22. Nd2 Rc8 23. Rxc8 Bxc8 24. Qc2 Bd7 25. Nb3 Qa7 26. Nc5 Bb6 27. Qb3 Ng6 28.
Kg2 Ne7 29. h5 h6 30. g4 Nc6 31. Qd1 Nd8 32. Qe2 Nc6 33. Qf2 Ne7 34. f5 Rg8 35.
Kh1 Nc6 36. fxe6 fxe6 37. Bg6+ Kd8 38. Qf7 Re8 39. Qxd7+ Qxd7 40. Nxd7 1-0

[Event "24. Copenhagen Open  (Politiken Cup)"]
[Site "Copenhagen"]
[Date "2002.07.19"]
[Round "5"]
[White "Jakobsen, Ole"]
[Black "Hoeg, Claus"]
[Result "1-0"]
[WhiteElo "2398"]
[BlackElo "2010"]
[PlyCount "63"]
[EventDate "2002.07.15"]
[EventType "swiss"]
[EventRounds "11"]
[EventCountry "DEN"]
[SourceDate "2004.01.01"]

1. d4 Nf6 2. c4 g6 3. Nc3 Bg7 4. e4 d6 5. f3 O-O 6. Bg5 a6 7. Qd2 c6 8. Bd3 b5
9. Nge2 Nbd7 10. O-O bxc4 11. Bxc4 Rb8 12. b3 Re8 13. Kh1 Bb7 14. Bd3 Qa5 15.
f4 c5 16. d5 e6 17. dxe6 fxe6 18. Rad1 Qb4 19. Bb1 d5 20. e5 Ng4 21. h3 Nh6 22.
Bxh6 Bxh6 23. Qe1 Bc6 24. Qg3 Nf8 25. f5 Qb7 26. fxg6 hxg6 27. Nf4 Re7 28. Nh5
d4 29. Ne4 Bg7 30. Nhf6+ Bxf6 31. Nxf6+ Kh8 32. Rf4 1-0

[Event "24. Copenhagen Open  (Politiken Cup)"]
[Site "Copenhagen"]
[Date "2002.07.19"]
[Round "5"]
[White "Jensen, Alexander Lindberg"]
[Black "Auchenberg, Einar"]
[Result "0-1"]
[WhiteElo "1342"]
[BlackElo "1654"]
[PlyCount "38"]
[EventDate "2002.07.15"]
[EventType "swiss"]
[EventRounds "11"]
[EventCountry "DEN"]
[SourceDate "2004.01.01"]

1. d4 Nf6 2. c4 e6 3. Nc3 Bb4 4. Bg5 h6 5. Bh4 g5 6. Bg3 Ne4 7. Qc2 f5 8. a3
Bxc3+ 9. bxc3 c5 10. Be5 O-O 11. f3 d6 12. fxe4 dxe5 13. exf5 exd4 14. cxd4
Rxf5 15. e3 Qa5+ 16. Ke2 cxd4 17. exd4 Nc6 18. Qd3 e5 19. dxe5 Qxe5+ 0-1

[Event "24. Copenhagen Open  (Politiken Cup)"]
[Site "Copenhagen"]
[Date "2002.07.19"]
[Round "5"]
[White "Jorgensen, Carina E"]
[Black "Nielsen, Thomas"]
[Result "1/2-1/2"]
[WhiteElo "1643"]
[BlackElo "2018"]
[PlyCount "58"]
[EventDate "2002.07.15"]
[EventType "swiss"]
[EventRounds "11"]
[EventCountry "DEN"]
[SourceDate "2004.01.01"]

1. e4 c6 2. d4 d5 3. exd5 cxd5 4. Nf3 Nf6 5. c3 Nc6 6. Bd3 Bg4 7. Bf4 e6 8.
Nbd2 Bd6 9. Bxd6 Qxd6 10. Qc2 Rc8 11. a3 Bxf3 12. Nxf3 h6 13. Qe2 Nd7 14. O-O
O-O 15. Rae1 Qc7 16. Bb1 Rfe8 17. Qd3 Nf8 18. Ne5 Nxe5 19. dxe5 Qb6 20. Re2
Red8 21. Rd2 Rc7 22. Qd4 Qxd4 23. Rxd4 Rc4 24. Rfd1 Rdc8 25. f4 Rxd4 26. Rxd4
Nd7 27. Ba2 f6 28. exf6 Nxf6 29. g3 b5 1/2-1/2

[Event "24. Copenhagen Open  (Politiken Cup)"]
[Site "Copenhagen"]
[Date "2002.07.19"]
[Round "5"]
[White "Jorgensen, Morten"]
[Black "Mathiesen, Erik"]
[Result "0-1"]
[WhiteElo "1257"]
[BlackElo "1958"]
[PlyCount "49"]
[EventDate "2002.07.15"]
[EventType "swiss"]
[EventRounds "11"]
[EventCountry "DEN"]
[SourceDate "2004.01.01"]

1. e4 e5 2. Nf3 Nf6 3. d4 Nxe4 4. Bd3 d5 5. Nxe5 Bd6 6. c4 O-O 7. cxd5 Nxf2 8.
Bxh7+ Kxh7 9. Qc2+ Kg8 10. Qxf2 f6 11. Nf3 Bb4+ 12. Nc3 Re8+ 13. Be3 Qe7 14.
Ke2 b6 15. Kd2 Ba6 16. Rac1 Qe4 17. Ne1 Qxd5 18. Qf3 Qxa2 19. Rc2 Nd7 20. Nd3
Ba5 21. h4 Rad8 22. Qf4 Ne5 23. Nxe5 Rxe5 24. Qg4 Qc4 25. Bh6 0-1

[Event "24. Copenhagen Open  (Politiken Cup)"]
[Site "Copenhagen"]
[Date "2002.07.19"]
[Round "5"]
[White "Kallio, Heikki"]
[Black "Simonsen, Olavur"]
[Result "1/2-1/2"]
[WhiteElo "2501"]
[BlackElo "2240"]
[PlyCount "99"]
[EventDate "2002.07.15"]
[EventType "swiss"]
[EventRounds "11"]
[EventCountry "DEN"]
[SourceDate "2004.01.01"]

1. e4 e5 2. Bc4 Nc6 3. Nf3 Nf6 4. d3 Be7 5. O-O O-O 6. Bb3 d5 7. exd5 Nxd5 8.
h3 Bf6 9. Re1 Re8 10. Nbd2 Nb6 11. a4 a5 12. Ne4 Bf5 13. Be3 Nd5 14. Bxd5 Qxd5
15. Nxf6+ gxf6 16. Nh4 Bg6 17. f3 f5 18. Bf2 f4 19. Kh2 Rad8 20. Qd2 Re6 21.
Re2 b6 22. Rg1 Nd4 23. Bxd4 Qxd4 24. b3 Qb4 25. Qxb4 axb4 26. g3 fxg3+ 27. Rxg3
c5 28. Nf5 f6 29. Ne3 Kf7 30. Nc4 Rd4 31. Rg4 Rd8 32. Re1 Rb8 33. h4 Kf8 34.
Reg1 Rb7 35. h5 Bf7 36. Rg7 Ree7 37. Nd6 Be6 38. R7g3 Rbc7 39. R1g2 Rg7 40. Ne4
Rxg3 41. Rxg3 Rf7 42. Kg2 Bd5 43. Nd6 Rd7 44. Nc8 Rb7 45. Kf2 Rb8 46. Nd6 Rd8
47. Nf5 Be6 48. Ne3 Kf7 49. Rg1 Rg8 50. Rh1 1/2-1/2

[Event "24. Copenhagen Open  (Politiken Cup)"]
[Site "Copenhagen"]
[Date "2002.07.19"]
[Round "5"]
[White "Kiriakov, Petr"]
[Black "Royset, Paal"]
[Result "1-0"]
[WhiteElo "2553"]
[BlackElo "2252"]
[PlyCount "81"]
[EventDate "2002.07.15"]
[EventType "swiss"]
[EventRounds "11"]
[EventCountry "DEN"]
[SourceDate "2004.01.01"]

1. d4 Nf6 2. c4 e6 3. Nc3 Bb4 4. Qc2 O-O 5. a3 Bxc3+ 6. Qxc3 b6 7. Bg5 Bb7 8.
f3 d5 9. e3 Nbd7 10. cxd5 exd5 11. Bd3 c5 12. Ne2 Re8 13. Bb5 Re6 14. dxc5 bxc5
15. Bxd7 Qxd7 16. Qxc5 Ba6 17. Nd4 Rc8 18. Qa5 Rb6 19. Bxf6 gxf6 20. Qd2 Rcb8
21. b4 Bc4 22. Kf2 a5 23. Rhb1 f5 24. Kg1 f4 25. exf4 Qd6 26. f5 Qf6 27. Qf4 h6
28. h3 Kh7 29. Kh2 axb4 30. axb4 Rxb4 31. Rxb4 Rxb4 32. Rd1 Rb2 33. Rd2 Rb1 34.
Qc7 Kg8 35. Nc6 Qg5 36. Rd4 h5 37. Ne7+ Kf8 38. Qd8+ Kg7 39. Qg8+ Kf6 40. Nxd5+
Bxd5 41. Qd8+ 1-0

[Event "24. Copenhagen Open  (Politiken Cup)"]
[Site "Copenhagen"]
[Date "2002.07.19"]
[Round "5"]
[White "Kjartansson, Gudmundur"]
[Black "Hanley, Craig"]
[Result "1/2-1/2"]
[WhiteElo "2105"]
[BlackElo "2331"]
[PlyCount "84"]
[EventDate "2002.07.15"]
[EventType "swiss"]
[EventRounds "11"]
[EventCountry "DEN"]
[SourceDate "2004.01.01"]

1. d4 e6 2. Nc3 d5 3. e4 Nf6 4. Bg5 dxe4 5. Nxe4 Be7 6. Bxf6 gxf6 7. Nf3 f5 8.
Ng3 c5 9. dxc5 Qa5+ 10. c3 Qxc5 11. Qd4 Qxd4 12. Nxd4 a6 13. Be2 f4 14. Nh5 e5
15. Nb3 Nc6 16. g3 fxg3 17. hxg3 Rg8 18. O-O-O Bf5 19. Rhg1 Rc8 20. f4 exf4 21.
gxf4 Rxg1 22. Rxg1 Kf8 23. Ng3 Be6 24. Kb1 Rd8 25. Kc2 Bd6 26. Rf1 Re8 27. Bd3
h6 28. Ne4 Bc7 29. Nf6 Rd8 30. Nc5 Ke7 31. f5 Bc8 32. Ng4 h5 33. Re1+ Kf8 34.
Nf6 h4 35. Rh1 Ne5 36. Be4 Nc4 37. Nd5 Rxd5 38. Bxd5 Ne3+ 39. Kd2 Nxd5 40. Rxh4
Bxf5 41. c4 Ne7 42. Nxb7 Ng6 1/2-1/2

[Event "24. Copenhagen Open  (Politiken Cup)"]
[Site "Copenhagen"]
[Date "2002.07.19"]
[Round "5"]
[White "Korsgaard, Peter"]
[Black "Volokitin, Alexander"]
[Result "0-1"]
[WhiteElo "1956"]
[BlackElo "1600"]
[PlyCount "120"]
[EventDate "2002.07.15"]
[EventType "swiss"]
[EventRounds "11"]
[EventCountry "DEN"]
[SourceDate "2004.01.01"]

1. Nf3 d5 2. b3 Nf6 3. Bb2 Bg4 4. e3 Nc6 5. d4 e6 6. Be2 Bb4+ 7. c3 Be7 8. O-O
O-O 9. Nbd2 Re8 10. c4 Bf8 11. Rc1 Ne7 12. h3 Bh5 13. Ne5 Bxe2 14. Qxe2 c6 15.
f4 Nf5 16. Qf3 Nd6 17. Bc3 Nde4 18. Nd3 Nxd2 19. Bxd2 Ne4 20. Rc2 a5 21. Rb1 b6
22. Be1 Rc8 23. Bf2 $11 g6 24. Ne5 Be7 25. cxd5 cxd5 26. Rbc1 Rxc2 27. Rxc2 Bb4
28. Qe2 Qa8 29. Be1 Bd6 30. Qb5 Bxe5 31. fxe5 Rc8 32. Qe2 Qb7 33. Bh4 Rc7 34.
Bd8 Rc6 35. Qd1 Qc8 36. Rxc6 Qxc6 37. Qd3 Qc1+ 38. Kh2 Qe1 39. Bxb6 Qg3+ 40.
Kg1 Qe1+ 41. Kh2 h5 42. Bd8 h4 43. Qb5 Qg3+ 44. Kh1 Nf2+ 45. Kg1 Nxh3+ 46. Kh1
Nf2+ 47. Kg1 Ng4 48. Qe8+ Kg7 49. Bf6+ Nxf6 50. exf6+ Kxf6 51. Qh8+ Kf5 52. Qh6
h3 53. Qxh3+ Qxh3 54. gxh3 Ke4 55. Kf2 Kd3 56. Kf3 f6 57. h4 e5 58. dxe5 fxe5
59. Kf2 d4 60. exd4 exd4 0-1

[Event "24. Copenhagen Open  (Politiken Cup)"]
[Site "Copenhagen"]
[Date "2002.07.19"]
[Round "5"]
[White "Kristensen, Jonas Rune"]
[Black "Rodriguez Vinuesa, Azahara"]
[Result "0-1"]
[WhiteElo "1847"]
[BlackElo "2095"]
[PlyCount "86"]
[EventDate "2002.07.15"]
[EventType "swiss"]
[EventRounds "11"]
[EventCountry "DEN"]
[SourceDate "2004.01.01"]

1. d4 Nf6 2. Nf3 c5 3. d5 b5 4. a4 Bb7 5. axb5 Bxd5 6. Nc3 Bb7 7. Bg5 e6 8. e4
h6 9. Bxf6 Qxf6 10. Be2 d6 11. O-O Be7 12. Nd2 O-O 13. Bf3 Qg6 14. Re1 Rd8 15.
Nc4 Bf8 16. Re3 Nd7 17. Na5 Bc8 18. Nc6 Re8 19. Bh5 Qh7 20. Rxa7 Rxa7 21. Nxa7
Bb7 22. Nc6 Nb6 23. Na5 Ba8 24. Bf3 Qg6 25. b3 Qf6 26. Nc4 Qd8 27. Nxb6 Qxb6
28. Be2 Be7 29. Bc4 Rd8 30. Qh5 Bf6 31. Na4 Qa5 32. c3 d5 33. exd5 Bxd5 34.
Bxd5 exd5 35. Qe2 c4 36. bxc4 Qxa4 37. g3 dxc4 38. Re8+ Rxe8 39. Qxe8+ Kh7 40.
Qxf7 Qxb5 41. h4 Qb1+ 42. Kg2 Qe4+ 43. Kh2 Bxc3 0-1

[Event "24. Copenhagen Open  (Politiken Cup)"]
[Site "Copenhagen"]
[Date "2002.07.19"]
[Round "5"]
[White "Lauritsen, Martin Lee"]
[Black "Olsen, Miriam Frida"]
[Result "0-1"]
[WhiteElo "1517"]
[BlackElo "1894"]
[PlyCount "152"]
[EventDate "2002.07.15"]
[EventType "swiss"]
[EventRounds "11"]
[EventCountry "DEN"]
[SourceDate "2004.01.01"]

1. e4 c5 2. Nf3 Nc6 3. d4 cxd4 4. Nxd4 e5 5. Nb5 d6 6. N1c3 a6 7. Na3 b5 8. Nd5
Nce7 9. c4 Nxd5 10. cxd5 f5 11. Bd3 fxe4 12. Bxe4 Nf6 13. Bg5 Be7 14. Bxf6 Bxf6
15. Qh5+ g6 16. Qe2 Qa5+ 17. Qd2 Qxd2+ 18. Kxd2 Bg5+ 19. Kd3 Rf8 20. f3 Kf7 21.
Rae1 Bb7 22. b4 Rac8 23. Nb1 Rc4 24. a3 Rfc8 25. Rd1 Bd8 26. Rhe1 Bb6 27. Ke2
Bd4 28. Rd2 Ke8 29. h4 R8c7 30. Red1 Rc8 31. g3 Bb6 32. g4 Bd8 33. g5 Kf7 34.
Rg1 Kg7 35. Rdd1 Bb6 36. Rgf1 a5 37. bxa5 Bxa5 38. Rh1 Ba6 39. Bd3 Rd4 40. h5
Rg8 41. hxg6 hxg6 42. Rh6 Kf7 43. Rh7+ Rg7 44. Rdh1 Rxd5 45. Rh8 Bb7 46. Be4
Ke6 47. Bxd5+ Bxd5 48. R1h7 Rxh7 49. Rxh7 Kf5 50. Ra7 Bb6 51. Ra6 Bc5 52. Nd2
Kxg5 53. Ne4+ Bxe4 54. fxe4 Kf4 55. Kd3 g5 56. a4 bxa4 57. Rxa4 g4 58. Ke2 g3
59. Kf1 Kf3 60. Ra2 Kxe4 61. Kg2 Bf2 62. Ra4+ Kf5 63. Ra5 Kf4 64. Rd5 Bc5 65.
Rd3 e4 66. Rxg3 d5 67. Rh3 d4 68. Kf2 d3+ 69. Ke1 e3 70. Rh4+ Kf3 71. Rc4 Bd6
72. Rd4 Bg3+ 73. Kd1 e2+ 74. Kd2 e1=Q+ 75. Kxd3 Qe2+ 76. Kc3 Be5 0-1

[Event "24. Copenhagen Open  (Politiken Cup)"]
[Site "Copenhagen"]
[Date "2002.07.19"]
[Round "5"]
[White "Laursen, Niels Norskov"]
[Black "Hansen, Morten Lyck"]
[Result "1-0"]
[WhiteElo "2135"]
[BlackElo "1854"]
[PlyCount "63"]
[EventDate "2002.07.15"]
[EventType "swiss"]
[EventRounds "11"]
[EventCountry "DEN"]
[SourceDate "2004.01.01"]

1. e4 c6 2. d4 d5 3. e5 Bf5 4. Be2 e6 5. Nf3 c5 6. O-O Nc6 7. c3 Nge7 8. dxc5
Ng6 9. b4 Ncxe5 10. Bb5+ Nd7 11. Nd4 Bxb1 12. Rxb1 a6 13. Ba4 Be7 14. f4 O-O
15. f5 exf5 16. Rxf5 Nf6 17. Be3 Ne4 18. Ne2 Nf6 19. Bd4 Qc8 20. Rf1 Rd8 21.
Ng3 Nh4 22. a3 a5 23. Bb3 axb4 24. axb4 Qc6 25. Qd3 Rd7 26. Rbe1 Re8 27. Bc2
Ng6 28. Nf5 Bd8 29. Bxf6 Rxe1 30. Rxe1 Qxf6 31. Re8+ Nf8 32. Ne7+ 1-0

[Event "24. Copenhagen Open  (Politiken Cup)"]
[Site "Copenhagen"]
[Date "2002.07.19"]
[Round "5"]
[White "Leimand, Hans Erik"]
[Black "Bengtsson, Ola"]
[Result "0-1"]
[WhiteElo "1587"]
[BlackElo "2075"]
[PlyCount "78"]
[EventDate "2002.07.15"]
[EventType "swiss"]
[EventRounds "11"]
[EventCountry "DEN"]
[SourceDate "2004.01.01"]

1. d4 Nf6 2. c4 g6 3. Nc3 Bg7 4. e4 O-O 5. Nf3 d6 6. Be2 e5 7. d5 a5 8. O-O Na6
9. b3 h6 10. Qc2 Nh5 11. Ne1 Nf4 12. a3 f5 13. f3 Nxe2+ 14. Qxe2 f4 15. g4 h5
16. Qg2 hxg4 17. fxg4 g5 18. Rb1 Kf7 19. Rf3 Qd7 20. h3 Rh8 21. Be3 b6 22. Nd3
Nc5 23. Bxc5 bxc5 24. Na4 Bf6 25. Nc3 Ba6 26. a4 Kg6 27. Qf1 Rh6 28. Nd1 Rah8
29. N1f2 Bc8 30. Rb2 Rh4 31. Qg2 Qh7 32. Rc2 Bd7 33. Rb2 Kf7 34. Rc2 Ke7 35.
Rb2 c6 36. Rd2 cxd5 37. cxd5 Rb8 38. Rb2 Bc8 39. Nd1 Qxe4 {Time} 0-1

[Event "24. Copenhagen Open  (Politiken Cup)"]
[Site "Copenhagen"]
[Date "2002.07.19"]
[Round "5"]
[White "Leimand, Peter Martin"]
[Black "Cazzaniga, Walter"]
[Result "1/2-1/2"]
[WhiteElo "2003"]
[BlackElo "2121"]
[PlyCount "168"]
[EventDate "2002.07.15"]
[EventType "swiss"]
[EventRounds "11"]
[EventCountry "DEN"]
[SourceDate "2004.01.01"]

1. e4 e6 2. d4 d5 3. Nc3 Bb4 4. e5 c5 5. a3 Bxc3+ 6. bxc3 Ne7 7. Nf3 Nbc6 8.
Be2 Qa5 9. Qd2 Bd7 10. O-O cxd4 11. cxd4 Qxd2 12. Bxd2 Nf5 13. c3 Na5 14. Rab1
O-O 15. g4 Ne7 16. Rfc1 Rfc8 17. Kg2 Rc7 18. h4 Nc4 19. Bg5 Nc6 20. Bxc4 dxc4
21. Nd2 Na5 22. h5 Bc6+ 23. Kg3 Bd5 24. f3 h6 25. Be3 Nb3 26. Rc2 Nxd2 27. Rxd2
Rf8 28. Rf2 f6 29. exf6 Rxf6 30. Bf4 Rcf7 31. Bb8 Rxf3+ 32. Rxf3 Rxf3+ 33. Kh4
Rxc3 34. Bxa7 Rxa3 35. Bc5 Rf3 36. Rc1 Kf7 37. Rc2 Ke8 38. Bd6 Kf7 39. Bc5 g5+
40. hxg6+ Kxg6 41. Rc1 Rf4 42. Kg3 Re4 43. Rc3 h5 44. gxh5+ Kxh5 45. Kf2 Kg6
46. Rf3 Rh4 47. Rc3 Kf7 48. Rc1 Ke8 49. Ke3 Kd7 50. Bb4 Kc6 51. Rb1 Rh3+ 52.
Kd2 Rd3+ 53. Ke2 Rxd4 54. Bc3 Rg4 55. Rc1 Rg2+ 56. Ke3 b5 57. Kd4 Rg3 58. Bb4
Rb3 59. Be1 Rd3+ 60. Ke5 Kc5 61. Bf2+ Kb4 62. Rb1+ Rb3 63. Rc1 Rb2 64. Bd4 Re2+
65. Kd6 Ra2 66. Rb1+ Ka4 67. Kc5 Rd2 68. Rb4+ Ka3 69. Rxb5 Rd3 70. Ra5+ Kb3 71.
Rb5+ Kc2 72. Rb2+ Kc1 73. Rf2 c3 74. Rf1+ Kb2 75. Be5 Ba2 76. Kb4 Bb3 77. Rf2+
Bc2 78. Re2 Rh3 79. Bf6 Rf3 80. Rxe6 Rf4+ 81. Ka5 Rxf6 82. Rxf6 Bb3 83. Rc6 c2
84. Rxc2+ Bxc2 1/2-1/2

[Event "24. Copenhagen Open  (Politiken Cup)"]
[Site "Copenhagen"]
[Date "2002.07.19"]
[Round "5"]
[White "Lonborg, Morten"]
[Black "Hansen, Poul Elgaard"]
[Result "0-1"]
[WhiteElo "2152"]
[BlackElo "2003"]
[PlyCount "156"]
[EventDate "2002.07.15"]
[EventType "swiss"]
[EventRounds "11"]
[EventCountry "DEN"]
[SourceDate "2004.01.01"]

1. d4 Nf6 2. c4 e6 3. Nc3 d5 4. cxd5 exd5 5. Bg5 Be7 6. Qc2 c6 7. e3 h6 8. Bh4
Nbd7 9. Bd3 O-O 10. Nf3 Re8 11. O-O Ne4 12. Bxe7 Qxe7 13. Rab1 Ng5 14. Nd2 Nf6
15. b4 Nfe4 16. b5 Nxc3 17. Qxc3 Bd7 18. bxc6 Bxc6 19. Nb3 Qa3 20. Qa5 Qxa5 21.
Nxa5 Rab8 22. Ba6 Ne4 23. Rfc1 Nd6 24. h3 bxa6 25. Nxc6 Rb6 26. Nxa7 Reb8 27.
Rxb6 Rxb6 28. Nc8 Nxc8 29. Rxc8+ Kh7 30. Rc2 Kg6 31. Kf1 Kf6 32. Ke2 Ke6 33.
Kd3 Kd6 34. Kc3 Kc7 35. Rb2 Rc6+ 36. Kb3 Kb6 37. Rc2 Rf6 38. Kb2 h5 39. g3 h4
40. gxh4 Rf3 41. Kc1 Rxh3 42. Kd2 Rxh4 43. Rc5 Rh5 44. e4 Rh4 45. Rxd5 Rxe4 46.
Kd3 Re7 47. Re5 Rc7 48. f4 Kc6 49. Rc5+ Kb6 50. Rg5 g6 51. a4 Rc1 52. a5+ Kc6
53. Re5 Kd6 54. Ke2 Rc4 55. Ke3 Ra4 56. Ke4 f5+ 57. Ke3 Ra3+ 58. Ke2 Ra2+ 59.
Kf3 Ra3+ 60. Ke2 Ra2+ 61. Kd3 Ra3+ 62. Kc4 Ra4+ 63. Kc3 Ra3+ 64. Kb4 Rf3 65.
Re8 Rxf4 66. Kc4 g5 67. Ra8 g4 68. Rxa6+ Kc7 69. Kc5 g3 70. Ra7+ Kb8 71. Re7 g2
72. Kb6 Kc8 73. Kc6 Rxd4 74. Re8+ Rd8 75. Re1 f4 76. a6 Kb8 77. Rb1+ Ka8 78.
Kc7 Rg8 0-1

[Event "24. Copenhagen Open  (Politiken Cup)"]
[Site "Copenhagen"]
[Date "2002.07.19"]
[Round "5"]
[White "Lynge, Torben"]
[Black "Baldursson, Rani"]
[Result "1-0"]
[WhiteElo "1669"]
[BlackElo "1426"]
[PlyCount "53"]
[EventDate "2002.07.15"]
[EventType "swiss"]
[EventRounds "11"]
[EventCountry "DEN"]
[SourceDate "2004.01.01"]

1. e4 c5 2. Nf3 d6 3. Nc3 Nf6 4. Bc4 Bg4 5. d3 g6 6. h3 Bxf3 7. Qxf3 Nc6 8. Be3
Bg7 9. Bb5 Qb6 10. a4 O-O 11. O-O Ne5 12. Qe2 a6 13. a5 Qc7 14. f4 Nc6 15. Bxc6
Qxc6 16. Rf2 Rac8 17. Raf1 Qc7 18. Bd2 Nd7 19. Nd5 Qd8 20. b3 e6 21. Ne3 Nb8
22. Kh1 Nc6 23. f5 exf5 24. exf5 Nxa5 25. f6 Bh8 26. Nd5 h5 27. Ne7+ 1-0